Famous People by Middle Name Quiz Stats

 Plays Quiz Updated Jun 23, 2020

     
Support Sporcle.
Go Orange.
Score 0/20 Timer 06:00
1 Play Today
Hint Answer % Correct
Martin LUTHER King Jr.
95.7%
Sarah JESSICA Parker
90.4%
Billie JEAN King
85.4%
Jamie LEE Curtis
85.4%
Neil PATRICK Harris
81.8%
Sarah MICHELLE Geller
78.9%
James EARL Jones
77.6%
Mary TYLER Moore
74%
Billy BOB Thornton
73.8%
Philip SEYMOUR Hoffman
67.6%
Hint Answer % Correct
Franklin DELANO Roosevelt
66.3%
Edgar ALLAN Poe
63.3%
Billy DEE Williams
58.8%
Neil DEGRASSE Tyson
57.7%
Mary LOU Retton
56.8%
Haley JOEL Osment
49.2%
Chloë GRACE Moretz
40.9%
John QUINCY Adams
35.1%
Johann SEBASTIAN Bach
33.7%
Francis FORD Coppola
26.4%

From the Vault

5 to 1: MCU Characters

by mg10

Movies 3m
Today on "there are a lot of MCU characters."
Remove Ads.
Support Sporcle.
Get the best of Sporcle when you Go Orange. This ad-free experience offers more features, more stats, and more fun while also helping to support Sporcle. Thank you for becoming a member.

Show Comments

Extras

Top Quizzes Today


Score Distribution

Your Account Isn't Verified!

In order to create a playlist on Sporcle, you need to verify the email address you used during registration. Go to your Sporcle Settings to finish the process.

Report this User

Report this user for behavior that violates our Community Guidelines.

Details: